| 000 | 00429nam a2200169Ia 4500 | ||
|---|---|---|---|
| 003 | Ost | ||
| 005 | 20260225132601.0 | ||
| 008 | 260225s9999||||xx |||||||||||||| ||und|| | ||
| 020 | _a9961642724 | ||
| 040 | _cfsic | ||
| 041 | _afre | ||
| 082 | _a70.4 | ||
| 100 |
_aPatrice Flichy _eAuteur |
||
| 245 | 0 | _aUne Hiistoire de la Communication Moderne : | |
| 245 | 0 |
_bEspace Public et Vie Privée / _cPatrice Flichy |
|
| 942 | _cكتاب | ||
| 999 |
_c34750 _d34750 |
||